Every 100k+ City in Europe on a Map [2025] (by urban area) - Statistics

General Stats
  • This quiz has been taken 193 times
  • The average score is 262 of 725
Answers on the Map
Answers color-coded by a green-red scale on the quiz's map according to % correct below.
 
Answer Stats
Country Region (if applicable) Population City % Correct
United Kingdom England 10,882,700 London
88%
Ireland 1,451,775 Dublin
86%
United Kingdom England 2,797,288 Manchester
85%
Spain 3,975,735 Barcelona
84%
Portugal 2,486,118 Lisboa
84%
France Île-de-France 10,722,846 Paris
84%
Sweden 2,076,764 Stockholm
84%
Hungary 2,243,057 Budapest
83%
Finland 1,437,970 Helsinki
83%
Norway 1,200,346 Oslo
83%
Austria 2,186,677 Wien
83%
Germany Berlin 3,977,635 Berlin
82%
Turkey 15,334,763 İstanbul
82%
Spain 4,919,397 Madrid
82%
Italy 3,839,859 Milano
82%
Russia Tsentral'nyj 17,040,370 Moskva
82%
Greece 3,410,353 Athínai
81%
United Kingdom Scotland 1,045,823 Glasgow
81%
United Kingdom England 1,238,431 Liverpool
81%
Germany Bayern 1,914,962 München
81%
Czechia 1,529,297 Praha
81%
United Kingdom Northern Ireland 638,470 Belfast
80%
United Kingdom England 2,654,275 Birmingham
80%
United Kingdom Scotland 549,289 Edinburgh
80%
Denmark 1,554,292 København
80%
Ukraine 3,129,717 Kyïv
80%
Italy 3,064,892 Roma
80%
Netherlands 1,182,207 Amsterdam
79%
Serbia 1,417,307 Beograd
79%
Belgium 2,044,619 Brussels
79%
Italy 3,507,850 Napoli
79%
Portugal 1,167,566 Porto
78%
Latvia 663,645 Rīga
78%
Russia Severo-Zapadnyj 5,975,195 Sankt-Peterburg
78%
Romania 2,048,657 București
77%
Germany Hamburg 1,014,981 Hamburg
77%
Belarus 2,076,293 Minsk
77%
Bulgaria 1,289,039 Sofija
77%
Spain 1,822,843 València
77%
Estonia 506,368 Tallinn
76%
United Kingdom Wales 471,665 Cardiff
75%
France Provence-Alpes-Côte d'Azur 1,170,893 Marseilles
75%
France Provence-Alpes-Côte d'Azur 1,027,329 Nice
75%
Germany Nordrhein-Westfalen 3,541,417 Ruhrgebeit
75%
Switzerland 322,553 Bern
74%
Poland 620,642 Gdańsk
74%
Sweden 402,488 Malmö
74%
United Kingdom England 798,215 Newcastle upon Tyne
74%
Netherlands 1,052,447 Rotterdam
74%
Italy 1,332,277 Torino
74%
Poland 2,346,297 Warszawa
74%
Croatia 802,390 Zagreb
74%
Switzerland 1,187,063 Zürich
74%
Slovakia 497,114 Bratislava
73%
Ireland 258,950 Cork
73%
Germany Nordrhein-Westfalen 1,355,472 Köln
73%
Poland 932,498 Kraków
73%
France Auvergne-Rhône-Alpes 1,815,597 Lyon
73%
Ukraine 1,082,880 Odesa
73%
Bos. & Herz. 351,874 Sarajevo
73%
North Macedonia 501,581 Skopje
73%
Albania 777,310 Tirane
73%
Lithuania 616,778 Vilnius
73%
France Nouvelle-Aquitaine 1,080,542 Bordeaux
72%
Italy 596,456 Genova
72%
United Kingdom England 1,901,990 Leeds
72%
Germany Bayern 865,020 Nürnberg
72%
Italy 744,422 Palermo
72%
France Occitanie 1,208,657 Toulouse
72%
Italy 325,746 Venezia
72%
Belgium 1,253,877 Antwerpen
71%
Spain 894,535 Bilbao
71%
Germany Hessen 990,008 Frankfurt am Main
71%
United Kingdom England 708,226 Bristol
70%
Germany Sachsen 789,069 Dresden
70%
Switzerland 562,058 Genève
70%
Ukraine 1,502,983 Kharkiv
70%
Belgium 192,983 Mons
70%
Iceland 247,143 Reykjavík
70%
Germany Baden-Württemberg 1,111,645 Stuttgart
70%
Greece 865,063 Thessaloníki
70%
Germany Bremen 716,661 Bremen
69%
Sweden 796,665 Göteborg
69%
Spain 905,991 Málaga
69%
United Kingdom England 902,929 Southampton
69%
United Kingdom Scotland 219,543 Aberdeen
68%
Czechia 470,498 Brno
68%
Italy 793,537 Firenze
68%
Russia Severo-Zapadnyj 529,241 Kaliningrad
68%
France Hauts-de-France 1,119,351 Lille
68%
Norway 301,394 Bergen
67%
United Kingdom England 692,062 Sheffield
67%
Moldova 576,399 Chișinău
66%
Ukraine 1,335,083 Donets'k
66%
Netherlands 270,001 Dordrecht
66%
Austria 346,894 Graz
66%
Germany Niedersachsen 859,121 Hannover
66%
Germany Sachsen 697,786 Leipzig
66%
Slovenia 327,891 Ljubljana
66%
France Pays de la Loire 790,955 Nantes
66%
Austria 181,854 Salzburg
66%
France Grand Est 572,880 Strasbourg
66%
Germany Nordrhein-Westfalen 1,020,289 Dusseldorf
65%
Ukraine 773,044 L'viv
65%
Kosovo 237,661 Prishtinë
65%
Russia Juzhnyj 1,384,098 Volgograd
65%
Spain 766,241 Zaragoza
65%
Belarus 370,329 Brest
64%
France Bretagne 240,519 Brest
64%
Germany Schleswig-Holstein 292,072 Kiel
64%
United Kingdom England 188,783 Oxford
64%
Russia Juzhnyj 1,222,682 Rostov-na-Donu
64%
Spain 1,153,194 Sevilla
64%
Switzerland 454,854 Basel
63%
Poland 790,018 Łódź
63%
Montenegro 187,245 Podgorica
63%
Poland 743,124 Wrocław
63%
Denmark 343,295 Aarhus
62%
Austria 160,039 Innsbruck
62%
Russia Privolga 1,384,416 Kazan'
62%
Luxembourg 182,858 Luxembourg
62%
United Kingdom England 775,880 Nottingham
62%
United Kingdom England 271,855 Plymouth
62%
Poland 664,582 Poznań
62%
Netherlands 959,042 s-Gravenhage
62%
Italy 507,088 Bologna
61%
Poland 1,432,551 Katowice
61%
Lithuania 319,791 Kaunas
61%
Austria 258,956 Linz
61%
United Kingdom England 238,628 Norwich
61%
Spain 531,746 Palma
61%
United Kingdom Wales 300,366 Swansea
61%
Italy 402,240 Bari
60%
Germany Nordrhein-Westfalen 538,366 Bonn
60%
United Kingdom England 527,145 Brighton and Hove
60%
Ukraine 982,062 Dnipro
60%
United Kingdom Scotland 157,775 Dundee
60%
Russia Severo-Zapadnyj 284,141 Murmansk
60%
Denmark 209,804 Odense
60%
Italy 204,362 Trieste
60%
United Kingdom England 161,608 York
60%
Russia Severo-Kavkaz 149,312 Derbent
59%
Belgium 453,285 Gent
59%
Croatia 183,006 Split
59%
Germany Hessen 514,690 Mainz - Wiesbaden
58%
Norway 217,416 Trondheim
58%
United Kingdom England 580,625 Leicester
57%
Belgium 568,557 Liege
57%
Finland 294,470 Turku
57%
Bulgaria 332,936 Varna
57%
Germany Nordrhein-Westfalen 308,891 Aachen
56%
United Kingdom England 191,406 Cambridge
56%
Serbia 350,008 Novi Sad
56%
Switzerland 109,084 Biel/Bienne
55%
Germany Baden-Württemberg 568,081 Mannheim
55%
France Bretagne 456,355 Rennes
55%
Germany Mecklenburg-Vorpommern 214,326 Rostock
55%
Netherlands 498,785 Utrecht
55%
Italy 576,182 Catania
54%
Switzerland 363,129 Lausanne
54%
Ireland 115,097 Limerick
54%
Ukraine 440,830 Mariupol'
54%
Russia Privolga 1,219,454 Samara
54%
Russia Krym 486,796 Sevastopol'
54%
Russia Juzhnyj 410,841 Sochi
54%
Italy 329,574 Verona
54%
Italy 305,218 Cagliari
53%
Spain 671,672 Murcia
53%
Russia Privolga 1,291,378 Nizhnij Novgorod
53%
Germany Nordrhein-Westfalen 427,866 Bielefeld
52%
Romania 323,933 Cluj-Napoca
52%
Netherlands 224,999 Groningen
52%
United Kingdom England 328,116 Kingston upon Hull
52%
Russia Juzhnyj 1,250,426 Krasnodar
52%
United Kingdom England 262,523 Northampton
52%
Russia Privolga 755,775 Perm'
52%
Spain 319,550 Córdoba
51%
France Bourgogne-Franche-Comté 282,112 Dijon
51%
Netherlands 330,481 Eindhoven
51%
Germany Baden-Württemberg 298,640 Freiburg im Breisgau
51%
Ukraine 433,868 Luhans'k
51%
Germany Sachsen-Anhalt 274,565 Magdeburg
51%
Bulgaria 348,481 Plovdiv
51%
United Kingdom England 372,016 Reading
51%
Finland 368,378 Tampere
51%
Russia Privolga 1,178,999 Ufa
51%
Denmark 139,075 Aalborg
50%
Germany Bayern 438,049 Augsburg
50%
United Kingdom England 242,431 Blackpool
50%
United Kingdom England 140,229 Exeter
50%
France Normandie 263,076 Le Havre
50%
Germany Nordrhein-Westfalen 360,489 Münster
50%
Czechia 348,382 Ostrava
50%
Finland 218,556 Oulu
50%
Germany Brandenburg 190,878 Potsdam
50%
Germany Saarland 326,556 Saarbrücken
50%
Spain 544,146 Alicante
49%
Slovakia 243,246 Košice
49%
Poland 376,316 Lublin
49%
Italy 104,110 Pisa
49%
Czechia 211,724 Plzeň
49%
United Kingdom England 384,398 Stoke-on-Trent
49%
Sweden 204,321 Uppsala
49%
Netherlands 116,976 Maastricht
48%
France Normandie 533,933 Rouen
48%
United Kingdom England 332,932 Sunderland
48%
Spain 387,009 A Coruña
47%
United Kingdom England 495,779 Bournemouth
47%
Portugal 181,192 Braga
47%
United Kingdom England 401,507 Coventry
47%
Hungary 225,072 Debrecen
47%
Spain 505,568 Granada
47%
France Auvergne-Rhône-Alpes 506,376 Grenoble
47%
United Kingdom England 188,762 Ipswich
47%
Greece 176,235 Irákleion
47%
Germany Baden-Württemberg 420,146 Karlsruhe
47%
Germany Schleswig-Holstein 277,643 Lübeck
47%
France Grand Est 237,947 Reims
47%
Poland 413,351 Szczecin
47%
Italy 135,089 Trento
47%
United Kingdom England 103,434 Bath
46%
Belgium 152,284 Brugge
46%
Belgium 367,751 Charleroi
46%
United Kingdom England 298,246 Derby
46%
Lithuania 163,588 Klaipėda
46%
United Kingdom England 299,161 Luton
46%
Slovenia 106,326 Maribor
46%
France Occitanie 561,498 Montpellier
46%
United Kingdom Wales 324,239 Newport
46%
France Centre-Val de Loire 322,364 Orléans
46%
Russia Privolga 1,139,336 Saratov
46%
Norway 259,437 Stavanger
46%
Moldova 152,862 Tiraspol'
46%
Malta 403,735 Valletta - San Pawl Il-Baħar
46%
Germany Bremen 144,472 Bremerhaven
45%
Netherlands 214,449 Haarlem
45%
Estonia 100,106 Tartu
45%
France Provence-Alpes-Côte d'Azur 611,116 Toulon
45%
Germany Sachsen 301,496 Chemnitz
44%
Belarus 559,645 Homieĺ
44%
France Grand Est 311,421 Metz
44%
Germany Nordrhein-Westfalen 340,892 Monchengladbach
44%
Italy 213,814 Parma
44%
Italy 114,307 Siracusa
44%
Spain 172,383 Cádiz
43%
France Hauts-de-France 106,489 Calais
43%
Romania 296,602 Constanța
43%
Italy 226,392 Messina
43%
Serbia 208,183 Niš
43%
United Kingdom England 205,551 Peterborough
43%
United Kingdom England 308,939 Southend-on-Sea
43%
Germany Baden-Württemberg 219,493 Ulm
43%
Spain 357,811 Vigo
43%
France Provence-Alpes-Côte d'Azur 176,160 Aix-en-Provence
42%
Bulgaria 184,429 Burgas
42%
Poland 241,189 Gdynia
42%
Spain 165,139 Girona
42%
Russia Severo-Kavkaz 307,537 Groznyj
42%
Germany Sachsen-Anhalt 482,141 Halle
42%
France Pays de la Loire 254,791 Le Mans
42%
Germany Bayern 189,556 Regensburg
42%
Croatia 131,073 Rijeka
42%
Switzerland 114,054 Baden - Brugg
41%
France Normandie 261,244 Caen
41%
Albania 170,666 Durres
41%
United Kingdom England 280,193 Milton Keynes
41%
France Grand Est 315,898 Nancy
41%
France Centre-Val de Loire 393,457 Tours
41%
Spain 376,257 Valladolid
41%
Bos. & Herz. 143,737 Banja Luka
40%
Italy 144,830 Bergamo
40%
Germany Baden-Württemberg 171,625 Heidelberg
40%
Germany Bayern 162,780 Ingolstadt
40%
Germany Rheinland-Pfalz 276,927 Koblenz
40%
United Kingdom England 135,604 Lincoln
40%
Switzerland 249,280 Luzern
40%
Spain 418,810 San Sebastián
40%
Spain 263,222 Santander
40%
Romania 308,718 Timișoara
40%
Germany Rheinland-Pfalz 126,565 Trier
40%
Russia Tsentral'nyj 1,106,005 Voronezh
40%
Germany Nordrhein-Westfalen 388,565 Wuppertal
40%
Poland 315,471 Białystok
39%
Germany Thüringen 242,570 Erfurt
39%
Germany Schleswig-Holstein 107,733 Flensburg
39%
Spain 273,530 Gijón
39%
Spain 186,294 León
39%
Sweden 138,088 Linköping
39%
Switzerland 139,443 Lugano
39%
Italy 257,904 Padova
39%
Spain 189,463 Salamanca
39%
Russia Krym 378,560 Simferopol'
39%
Italy 202,724 Taranto
39%
France Hauts-de-France 183,860 Amiens
38%
Russia Juzhnyj 523,692 Astrakhan'
38%
France Provence-Alpes-Côte d'Azur 455,608 Avignon
38%
Italy 115,427 Como
38%
United Kingdom England 177,185 Gloucester
38%
Sweden 168,921 Helsingborg
38%
Romania 302,152 Iași
38%
Germany Hessen 290,418 Kassel
38%
Russia Tsentral'nyj 452,706 Kursk
38%
Germany Niedersachsen 195,298 Oldenburg
38%
Russia Tsentral'nyj 389,563 Belgorod
37%
United Kingdom England 155,754 Blackburn
37%
Germany Niedersachsen 312,797 Braunschweig
37%
Belarus 390,732 Hrodna
37%
Germany Thüringen 118,711 Jena
37%
Sweden 109,110 Jönköping
37%
Ukraine 300,675 Kherson
37%
United Kingdom England 386,445 Middlesbrough
37%
Italy 210,750 Modena
37%
Russia Privolga 556,712 Orenburg
37%
Italy 151,230 Ravenna
37%
France Auvergne-Rhône-Alpes 399,023 Saint-Étienne
37%
Germany Niedersachsen 133,130 Wolfsburg
37%
United Kingdom England 111,102 Worcester
37%
Italy 119,129 Bolzano
36%
Italy 200,094 Brescia
36%
France Normandie 184,920 Dunkerque
36%
Spain 363,627 Pamplona
36%
Germany Brandenburg 100,638 Cottbus
35%
Austria 117,749 Klagenfurt am Wörthersee
35%
France Occitanie 222,788 Nîmes
35%
Spain 275,981 Oviedo
35%
Italy 172,199 Pescara
35%
United Kingdom England 335,671 Preston
35%
Italy 176,112 Reggio di Calabria
35%
Italy 186,260 Reggio nell'Emilia
35%
Italy 208,766 Rimini
35%
United Kingdom England 222,705 Swindon
35%
Russia Tsentral'nyj 343,466 Vladimir
35%
Spain 227,731 Almería
34%
Netherlands 157,674 Breda
34%
United Kingdom England 151,507 Colchester
34%
Germany Hessen 254,865 Darmstadt
34%
Turkey 187,749 Edirne
34%
Italy 156,347 Livorno
34%
Sweden 147,062 Örebro
34%
Germany Niedersachsen 213,508 Osnabrück
34%
Germany Nordrhein-Westfalen 188,164 Paderborn
34%
France Occitanie 260,128 Perpignan
34%
Russia Severo-Zapadnyj 194,414 Pskov
34%
Spain 114,755 Santiago de Compostela
34%
Russia Tsentral'nyj 479,376 Tula
34%
Ukraine 744,141 Zaporizhzhia
34%
France Pays de la Loire 288,552 Angers
33%
Russia Severo-Zapadnyj 311,437 Arkhangel'sk
33%
Romania 273,026 Brașov
33%
Portugal 116,985 Coimbra
33%
Greece 152,530 Lárisa
33%
Russia Severo-Kavkaz 868,679 Makhachkala
33%
Ukraine 489,793 Mykolaïv
33%
Sweden 117,948 Norrköping
33%
Hungary 154,160 Pécs
33%
Sweden 101,485 Umeå
33%
Belarus 384,305 Viciebsk
33%
Spain 263,437 Vitoria-Gasteiz
33%
France Auvergne-Rhône-Alpes 322,203 Clermont-Ferrand
32%
Spain 259,218 Elche
32%
Hungary 145,205 Győr
32%
France Grand Est 300,668 Mulhouse
32%
Greece 199,739 Pátrai
32%
Russia Tsentral'nyj 318,415 Smolensk
32%
Germany Niedersachsen 140,246 Göttingen
31%
Ukraine 273,869 Ivano-Frankivs'k
31%
France Nouvelle-Aquitaine 199,309 Limoges
31%
Netherlands 198,095 Nijmegen
31%
Italy 191,165 Salerno
31%
Italy 127,014 Sassari
31%
United Kingdom England 191,495 Slough
31%
Russia Severo-Kavkaz 671,223 Stavropol'
31%
Spain 265,103 Tarragona
31%
Netherlands 223,416 Tilburg
31%
Italy 137,904 Udine
31%
Sweden 145,073 Västerås
31%
Germany Bayern 167,734 Würzburg
31%
Italy 105,032 Ancona
30%
France Auvergne-Rhône-Alpes 213,898 Annecy
30%
Spain 184,151 Burgos
30%
Spain 180,173 Cartagena
30%
Poland 245,554 Częstochowa
30%
Norway 125,153 Drammen
30%
Netherlands 149,562 Enschede
30%
Italy 136,690 Ferrara
30%
Italy 143,103 Foggia
30%
Germany Thüringen 104,855 Gera
30%
United Kingdom England 137,021 Grimsby
30%
Germany Baden-Württemberg 219,082 Heilbronn
30%
Russia Privolga 644,446 Izhevsk
30%
Russia Tsentral'nyj 595,971 Jaroslavl'
30%
Spain 225,374 Jerez de la Frontera
30%
Germany Nordrhein-Westfalen 261,994 Krefeld
30%
Ukraine 616,996 Kryvyj Rih
30%
Finland 120,951 Lahti
30%
Italy 109,139 Lecce
30%
Netherlands 280,351 Leiden
30%
Czechia 140,514 Olomouc
30%
Italy 165,211 Perugia
30%
Russia Tsentral'nyj 531,346 Rjazan'
30%
Switzerland 163,889 St. Gallen
30%
Hungary 171,505 Szeged
30%
Russia Privolga 706,573 Tol'jatti
30%
Russia Privolga 635,471 Ul'janovsk
30%
Switzerland 132,429 Winterthur
30%
Germany Sachsen 113,096 Zwickau
30%
Poland 363,708 Bydgoszcz
29%
United Kingdom England 136,458 Hastings
29%
Spain 161,097 Huelva
29%
Russia Tsentral'nyj 391,026 Ivanovo
29%
Russia Krym 152,923 Kerch
29%
Czechia 133,113 Liberec
29%
Spain 163,507 Lleida
29%
Belarus 382,095 Mahiloǔ
29%
Poland 220,962 Radom
29%
Netherlands 169,189 s-Hertogenbosch
29%
Russia Tsentral'nyj 418,944 Tver'
29%
Netherlands 252,036 Arnhem
28%
Russia Tsentral'nyj 403,306 Brjansk
28%
Romania 258,404 Craiova
28%
United Kingdom England 161,488 Doncaster
28%
United Kingdom England 125,842 Eastbourne
28%
Germany Bayern 114,657 Erlangen
28%
Spain 112,273 Jaén
28%
Finland 139,714 Jyväskylä
28%
United Kingdom England 103,899 Lancaster
28%
France Nouvelle-Aquitaine 159,945 La Rochelle
28%
Spain 382,512 Leganés-Getafe
28%
Russia Tsentral'nyj 506,007 Lipetsk
28%
Belgium 115,001 Namur
28%
France Nouvelle-Aquitaine 205,467 Pau
28%
Ukraine 265,401 Sumy
28%
Poland 224,308 Toruń
28%
Ukraine 395,096 Vinnytsja
28%
Netherlands 129,765 Zwolle
28%
Netherlands 184,168 Alkmaar
27%
France Bourgogne-Franche-Comté 166,907 Besançon
27%
Germany Nordrhein-Westfalen 179,906 Hamm
27%
Germany Niedersachsen 115,999 Hildesheim
27%
Finland 100,544 Kuopio
27%
Russia Privolga 536,032 Penza
27%
Poland 238,386 Rzeszów
27%
Russia Tsentral'nyj 291,728 Tambov
27%
Netherlands 147,204 Apeldoorn
26%
United Kingdom England 125,709 Chelmsford
26%
France Grand Est 120,503 Colmar
26%
Germany Nordrhein-Westfalen 345,823 Hagen
26%
Italy 123,182 Latina
26%
United Kingdom England 123,843 Maidstone
26%
Spain 274,872 Marbella
26%
Lithuania 111,470 Šiauliai
26%
United Kingdom England 169,364 Telford
26%
Italy 167,042 Vicenza
26%
Netherlands 195,370 Almere
25%
Spain 134,571 Badajoz
25%
Spain 360,938 Castellón
25%
Ukraine 287,732 Chernihiv
25%
United Kingdom England 207,349 Crawley
25%
Romania 230,759 Galați
25%
Germany Rheinland-Pfalz 123,511 Kaiserslautern
25%
Russia Tsentral'nyj 357,218 Kaluga
25%
Russia Privolga 460,763 Kirov
25%
Belgium 159,360 Leuven
25%
Hungary 173,190 Miskolc
25%
Poland 144,773 Opole
25%
Germany Baden-Württemberg 163,986 Pforzheim
25%
France Nouvelle-Aquitaine 273,624 Bayonne
24%
United Kingdom England 122,216 Cheltenham
24%
Poland 112,923 Elbląg
24%
Poland 211,455 Kielce
24%
Sweden 136,521 Lund
24%
Russia Tsentral'nyj 320,876 Orjol
24%
Spain 120,130 Ourense
24%
Russia Severo-Zapadnyj 243,285 Petrozavodsk
24%
France Nouvelle-Aquitaine 164,618 Poitiers
24%
Ukraine 293,890 Poltava
24%
Bulgaria 122,368 Ruse
24%
France Grand Est 155,699 Troyes
24%
Russia Severo-Kavkaz 325,514 Vladikavkaz
24%
United Kingdom England 178,488 Warrington
24%
United Kingdom England 181,284 Wigan
24%
Spain 187,456 Logroño
23%
Italy 135,485 Lucca
23%
Kosovo 112,142 Prizren
23%
Germany Niedersachsen 105,715 Salzgitter
23%
Germany Nordrhein-Westfalen 252,642 Solingen
23%
Russia Severo-Zapadnyj 319,315 Vologda
23%
Spain 172,510 Albacete
22%
Spain 181,005 Algeciras
22%
United Kingdom England 163,744 Basildon
22%
United Kingdom England 127,443 Basingstoke
22%
Russia Privolga 513,977 Cheboksary
22%
Ukraine 282,019 Cherkasy
22%
Poland 178,423 Olsztyn
22%
Belarus 139,092 Pinsk
22%
Ukraine 271,504 Rivne
22%
Portugal 100,849 Setúbal
22%
Poland 138,932 Zielona Góra
22%
Netherlands 160,036 Amersfoort
21%
United Kingdom England 131,870 Bedford
21%
United Kingdom England 165,449 Burnley
21%
Russia Tsentral'nyj 273,320 Kostroma
21%
Poland 112,912 Koszalin
21%
Romania 200,324 Oradea
21%
Italy 115,437 Piacenza
21%
Romania 166,238 Pitești
21%
Poland 125,120 Płock
21%
Germany Bayern 100,580 Rosenheim
21%
Russia Privolga 336,539 Saransk
21%
Romania 145,534 Sibiu
21%
Poland 103,129 Tarnów
21%
Italy 113,736 Terni
21%
Ukraine 240,545 Ternopil'
21%
Ukraine 131,047 Uzhhorod
21%
Germany Nordrhein-Westfalen 111,455 Bergisch Gladbach
20%
Czechia 112,790 České Budějovice
20%
Ukraine 300,367 Chernivtsi
20%
Germany Nordrhein-Westfalen 100,803 Gutersloh
20%
Italy 107,111 La Spezia
20%
Ukraine 237,773 Luts'k
20%
Ukraine 158,951 Melitopol'
20%
Russia Severo-Kavkaz 270,005 Nal'chik
20%
Romania 218,163 Ploiești
20%
Spain 110,272 Reus
20%
Germany Baden-Württemberg 187,192 Reutlingen
20%
Bulgaria 118,433 Stara Zagora
20%
France Auvergne-Rhône-Alpes 171,641 Valence
20%
Ukraine 278,835 Zhytomyr
20%
Slovakia 100,568 Žilina
20%
Spain 175,889 Benidorm
19%
Russia Severo-Zapadnyj 306,372 Cherepovets
19%
Spain 140,817 Dos Hermanas
19%
Germany Nordrhein-Westfalen 114,991 Düren
19%
Norway 123,046 Fredrikstad
19%
Germany Hessen 106,364 Fulda
19%
United Kingdom England 258,241 Gillingham
19%
Poland 122,909 Gorzów Wielkopolski
19%
France Bretagne 153,166 Lorient
19%
Czechia 128,509 Ústí nad Labem
19%
Romania 158,256 Arad
18%
Poland 165,766 Bielsko-Biała
18%
Turkey 282,069 Çorlu
18%
Italy 128,901 Forlì
18%
Czechia 111,425 Hradec Králové
18%
Belgium 172,018 Kortrijk
18%
Serbia 156,372 Kragujevac
18%
United Kingdom England 133,399 Margate
18%
Italy 137,005 Massa - Carrara
18%
Spain 385,606 Móstoles-Alcorcón
18%
Italy 116,384 Novara
18%
Germany Nordrhein-Westfalen 132,067 Siegen
18%
Romania 102,209 Suceava
18%
France Hauts-de-France 345,660 Valenciennes
18%
Greece 128,658 Vólos
18%
Romania 152,552 Bacău
17%
Romania 123,305 Baia Mare
17%
United Kingdom England 238,710 Barnsley
17%
United Kingdom England 112,757 Chesterfield
17%
Germany Hessen 128,569 Gießen
17%
Netherlands 170,030 Heerlen
17%
Ukraine 246,218 Horlivka
17%
Ukraine 281,590 Khmel'nyts'kyj
17%
Russia Juzhnyj 283,791 Novorossijsk
17%
Russia Juzhnyj 256,279 Taganrog
17%
Turkey 195,037 Tekirdağ
17%
Italy 116,626 Treviso
17%
Russia Severo-Zapadnyj 222,676 Velikij Novgorod
17%
Netherlands 129,823 Zoetermeer
17%
Italy 115,476 Cosenza
16%
United Kingdom Scotland 103,093 Falkirk
16%
United Kingdom England 141,772 High Wycombe
16%
Russia Privolga 324,580 Joshkar-Ola
16%
Ukraine 156,516 Kramators'k
16%
Russia Privolga 576,601 Naberezhnje Chelny
16%
Ukraine 114,810 Nikopol'
16%
Russia Tsentral'nyj 341,129 Podol'sk
16%
Spain 227,091 Terrassa
16%
Belarus 133,386 Barysaǔ
15%
Ukraine 108,177 Berdjans'k
15%
Romania 165,098 Brăila
15%
Romania 116,095 Buzău
15%
Poland 147,759 Bytom
15%
Hungary 108,120 Kecskemét
15%
Germany Nordrhein-Westfalen 114,585 Remscheid
15%
Ukraine 114,026 Sjevjerodonets'k
15%
Russia Tsentral'nyj 221,891 Staryj Oskol
15%
Romania 137,180 Târgu Mureș
15%
Poland 100,807 Włocławek
15%
France Occitanie 105,268 Alès
14%
Belarus 208,269 Babrujsk
14%
Ukraine 216,990 Bila Tserkva
14%
Ukraine 117,014 Brovary
14%
France Hauts-de-France 502,709 Douai
14%
Russia Juzhnyj 108,913 Èlista
14%
Russia Krym 112,284 Jevpatorija
14%
United Kingdom England 184,126 Mansfield
14%
Hungary 109,381 Székesfehérvár
14%
Poland 122,045 Tychy
14%
Poland 121,102 Wałbrzych
14%
Spain 200,222 Alcalá de Henares
13%
France Occitanie 121,476 Béziers
13%
Romania 100,492 Botoșani
13%
France Auvergne-Rhône-Alpes 212,954 Chambéry
13%
Spain 189,287 Fuenlabrada
13%
Czechia 112,798 Pardubice
13%
Poland 130,887 Rybnik
13%
Switzerland 123,633 Zug
13%
France Auvergne-Rhône-Alpes 207,238 Annemasse
12%
Russia Juzhnyj 201,463 Armavir
12%
Spain 106,622 Avilés
12%
Belarus 180,727 Baranavičy
12%
Spain 117,079 Ferrol - Narón
12%
Poland 107,521 Kalisz
12%
Ukraine 243,561 Kam'jans'ke
12%
Ukraine 235,970 Kremenchuk
12%
Ukraine 228,730 Kropyvnyts'kyj
12%
Spain 129,613 Mataró
12%
Hungary 128,841 Nyíregyháza
12%
Italy 100,392 Pesaro
12%
Russia Severo-Kavkaz 219,949 Pjatigorsk
12%
Russia Tsentral'nyj 177,295 Rybinsk
12%
France Pays de la Loire 196,491 Saint-Nazaire
12%
United Kingdom England 138,936 Burton upon Trent
11%
Russia Privolga 225,786 Dzerzhinsk
11%
France Provence-Alpes-Côte d'Azur 105,073 Fréjus
11%
Netherlands 142,871 IJmond
11%
Russia Privolga 236,692 Nizhnekamsk
11%
Poland 106,501 Nowy Sącz
11%
Russia Privolga 220,033 Orsk
11%
United Kingdom England 125,119 Paignton
11%
Spain 134,392 Parla
11%
Italy 105,845 Pordenone
11%
Russia Juzhnyj 226,478 Shakhty
11%
Ukraine 113,470 Slov'jans'k
11%
Russia Privolga 283,054 Sterlitamak
11%
Russia Severo-Zapadnyj 209,579 Syktyvkar
11%
Spain 141,507 Torrejón de Ardoz
11%
Russia Juzhnyj 164,745 Volgodonsk
11%
Ukraine 149,925 Alchevs'k
10%
Russia Privolga 108,934 Arzamas
10%
Russia Privolga 177,757 Balakovo
10%
France Hauts-de-France 383,735 Béthune
10%
Russia Tsentral'nyj 157,278 Èlektrostal'
10%
Portugal 118,346 Guimarães
10%
Ukraine 115,813 Irpin'
10%
Belarus 104,592 Lida
10%
Turkey 130,683 Lüleburgaz
10%
Russia Juzhnyj 149,246 Majkop
10%
Belarus 105,321 Mazyr
10%
United Kingdom Scotland 125,490 Motherwell
10%
Russia Privolga 124,715 Novocheboksarsk
10%
Ukraine 110,375 Pavlohrad
10%
France Bretagne 115,226 Saint-Brieuc
10%
Russia Severo-Zapadnyj 157,652 Severodvinsk
10%
Russia Privolga 173,924 Syzran'
10%
France Grand Est 174,769 Thionville
10%
France Auvergne-Rhône-Alpes 100,816 Vienne
10%
Russia Privolga 169,115 Al'metjevsk
9%
France Nouvelle-Aquitaine 123,035 Angoulême
9%
Russia Privolga 113,494 Dimitrovgrad
9%
Russia Tsentral'nyj 175,521 Domodedovo
9%
Russia Severo-Kavkaz 133,753 Kislovodsk
9%
France Île-de-France 147,503 Melun
9%
Russia Tsentral'nyj 119,697 Novomoskovsk
9%
Belarus 105,250 Orša
9%
Russia Privolga 155,875 Salavat
9%
Germany Baden-Württemberg 112,903 Sindelfingen - Böblingen
9%
Netherlands 106,760 Sittard-Geleen
9%
Switzerland 101,913 Vevey - Montreux
9%
United Kingdom England 126,538 Accrington
8%
United Kingdom England 102,501 Aylesbury
8%
Russia Severo-Kavkaz 128,482 Cherkessk
8%
United Kingdom England 271,255 Farnborough
8%
Russia Juzhnyj 108,604 Kamyshin
8%
Russia Severo-Kavkaz 194,699 Khasavjurt
8%
Russia Tsentral'nyj 136,045 Kovrov
8%
Spain 120,483 Manresa
8%
France Hauts-de-France 109,457 Maubeuge
8%
Russia Tsentral'nyj 111,226 Murom
8%
Russia Privolga 142,347 Neftekamsk
8%
United Kingdom England 102,740 Nuneaton
8%
United Kingdom England 106,664 Royal Leamington Spa
8%
Germany Hessen 103,000 Rüsselsheim am Main
8%
Turkey 187,192 Silivri
8%
Germany Nordrhein-Westfalen 115,198 Stolberg - Eschweiler
8%
Italy 120,651 Anzio - Nettuno
7%
Spain 104,014 Collado Villalba
7%
Russia Severo-Kavkaz 149,297 Jessentuki
7%
Russia Severo-Kavkaz 129,829 Kaspijsk
7%
Ukraine 107,434 Lysychans'k
7%
France Bourgogne-Franche-Comté 124,090 Montbéliard
7%
Russia Juzhnyj 170,722 Novocherkassk
7%
Russia Juzhnyj 103,480 Novoshakhtinsk
7%
Russia Privolga 118,538 Oktjabr'skij
7%
Switzerland 132,886 Olten - Zofingen
7%
Spain 181,174 Sant Cugat del Vallès - Rubí
7%
Spain 209,708 Torrevieja
7%
Italy 110,784 Viareggio
7%
Russia Juzhnyj 132,990 Batajsk
6%
Russia Privolga 139,239 Berezniki
6%
France Hauts-de-France 163,623 Creil
6%
Russia Tsentral'nyj 102,829 Jelets
6%
Russia Tsentral'nyj 143,131 Kolomna
6%
Russia Severo-Kavkaz 130,887 Nevinnomyssk
6%
Russia Tsentral'nyj 112,641 Noginsk
6%
Russia Tsentral'nyj 122,567 Orekhovo-Zujevo
6%
Spain 104,845 Rivas-Vaciamadrid
6%
Turkey 386,570 Çerkezköy - Kapaklı
5%
Ukraine 108,029 Kam'janets'-Podil's'kyj
5%
Russia Severo-Kavkaz 177,167 Nazran'
5%
Russia Tsentral'nyj 149,869 Obninsk
5%
Russia Severo-Zapadnyj 134,927 Petergof
5%
Portugal 105,966 Póvoa de Varzim
5%
Russia Tsentral'nyj 122,916 Ramenskoje
5%
Spain 133,740 Roquetas de Mar
5%
Russia Juzhnyj 147,479 Sirius - Adler - Vesyoloye
5%
Germany Nordrhein-Westfalen 109,263 Velbert
5%
Turkey 220,573 Arnavutköy
4%
Portugal 112,355 Santa Maria da Feira
4%
Spain 150,282 Sant Boi de Llobregat - Viladecans
4%
Russia Tsentral'nyj 101,756 Sergijev Posad
4%
Russia Tsentral'nyj 140,041 Serpukhov
4%
Spain 106,513 Elda - Petrer
3%
Russia Tsentral'nyj 102,315 Chekhov
2%
United Kingdom England 104,040 Grays
2%
No matching quizzes found
Score Distribution
Percent of People with Each Score
Percentile by Number Answered
Your Score History
You have not taken this quiz